<?xml version="1.0" encoding="UTF-8"?><?xml-stylesheet type="text/xsl" href="static/style.xsl"?><OAI-PMH xmlns="http://www.openarchives.org/OAI/2.0/" xmlns:xsi="http://www.w3.org/2001/XMLSchema-instance" xsi:schemaLocation="http://www.openarchives.org/OAI/2.0/ http://www.openarchives.org/OAI/2.0/OAI-PMH.xsd"><responseDate>2026-04-14T03:29:33Z</responseDate><request verb="GetRecord" identifier="oai:www.recercat.cat:10230/71534" metadataPrefix="marc">https://recercat.cat/oai/request</request><GetRecord><record><header><identifier>oai:recercat.cat:10230/71534</identifier><datestamp>2025-10-18T19:29:56Z</datestamp><setSpec>com_2072_6</setSpec><setSpec>col_2072_452954</setSpec></header><metadata><record xmlns="http://www.loc.gov/MARC21/slim" xmlns:dcterms="http://purl.org/dc/terms/" xmlns:xsi="http://www.w3.org/2001/XMLSchema-instance" xmlns:doc="http://www.lyncode.com/xoai" xsi:schemaLocation="http://www.loc.gov/MARC21/slim http://www.loc.gov/standards/marcxml/schema/MARC21slim.xsd">
   <leader>00925njm 22002777a 4500</leader>
   <datafield ind2=" " ind1=" " tag="042">
      <subfield code="a">dc</subfield>
   </datafield>
   <datafield ind2=" " ind1=" " tag="720">
      <subfield code="a">Márquez Parente, Susana</subfield>
      <subfield code="e">author</subfield>
   </datafield>
   <datafield ind2=" " ind1=" " tag="260">
      <subfield code="c">2025-10-17T12:19:58Z</subfield>
   </datafield>
   <datafield ind2=" " ind1=" " tag="260">
      <subfield code="c">2025-10-17T12:19:58Z</subfield>
   </datafield>
   <datafield ind2=" " ind1=" " tag="260">
      <subfield code="c">2025-05-30</subfield>
   </datafield>
   <datafield ind2=" " ind1=" " tag="520">
      <subfield code="a">Treball de Fi de Grau en Humanitats. Curs 2024-2025</subfield>
   </datafield>
   <datafield ind2=" " ind1=" " tag="520">
      <subfield code="a">Director: Tomas Macsotay</subfield>
   </datafield>
   <datafield ind2=" " ind1=" " tag="520">
      <subfield code="a">Este presente trabajo se centra en resumir y aplicar una aproximación a la imagen desde una perspectiva semiótica desarrollada en los años 1980-90. Esta aproximación se funda en un análisis de los mecanismos de construcción de la imagen y la relación que ésta hace posible con el/la espectador(a). Importantes elementos en este modelo son los tipos y formas de mirada (gaze/glance), el ordenamiento en el espacio representado (focalización), y la forma en que se implica el espectador. El objetivo principal es examinar las estructuras visuales presentes en las obras pictóricas que permitan no solo comprender cómo funciona la arquitectura de la imagen, sino también la producción y transmisión de los  significados implícitos. Para ello, se ha establecido un marco teórico a partir del estudio interdisciplinar Reading Rembrandt: Beyond the Word-Image Opposition (1991) de Mieke Bal y, el innovador ensayo Vision and Painting: The logic of the gaze (1983) de Norman Bryson. Después de examinar estas propuestas, se aplica este modelo teórico en una serie de casos elegidos para este trabajo: se trata de obras de pintura danesa del siglo XIX con autores como Christoffer Wilhelm Eckersberg y su discípulo Christian Købke. En este último apartado se intenta evaluar la pertinencia y utilidad de dichas herramientas semióticas.</subfield>
   </datafield>
   <datafield ind2=" " ind1=" " tag="520">
      <subfield code="a">This paper focuses on summarizing and applying an approach to the imagen from a semiotic perspective developed in the 1980-90s. This approach is based on an analysis of the mechanism of image construction and the relationship it makes possible with the viewer. Important elements in this model are the types and forms of gaze (glaze/glance), the arrangement in the represented space (focalization), and the way in which the viewer is involved. The main objective is to examine the visual structures present in pictorial works that allow not only to understand how the architecture of the image works, but also the production and transmission of implicit meanings. To do this, a theoretical framework has been established based on the interdisciplinary study Reading Rembrandt: Beyond the Word-Image Opposition (1991) by Mieke Bal, and the innovative essay Vision and Painting: The logic of the gaze (1983) by Norman Bryson. After examining these proposals, this theoretical model is applied to a series of cases chosen for this word: these are works of nineteenth-century Danish painting by authors such as Christoffer Wilhem Eckersberg and his disciple Christian Købke. This last section attempts to evaluate the relevance and usefulness of these semiotic tools.</subfield>
   </datafield>
   <datafield ind1="8" ind2=" " tag="024">
      <subfield code="a">http://hdl.handle.net/10230/71534</subfield>
   </datafield>
   <datafield tag="653" ind2=" " ind1=" ">
      <subfield code="a">Treball de fi de grau – Curs 2024-2025</subfield>
   </datafield>
   <datafield tag="653" ind2=" " ind1=" ">
      <subfield code="a">Bal, Mieke, 1946-</subfield>
   </datafield>
   <datafield tag="653" ind2=" " ind1=" ">
      <subfield code="a">Bryson, Norman, 1949-</subfield>
   </datafield>
   <datafield tag="653" ind2=" " ind1=" ">
      <subfield code="a">Estudios visuales</subfield>
   </datafield>
   <datafield tag="653" ind2=" " ind1=" ">
      <subfield code="a">Semiótica</subfield>
   </datafield>
   <datafield tag="653" ind2=" " ind1=" ">
      <subfield code="a">Percepción</subfield>
   </datafield>
   <datafield tag="653" ind2=" " ind1=" ">
      <subfield code="a">Narratología</subfield>
   </datafield>
   <datafield tag="653" ind2=" " ind1=" ">
      <subfield code="a">Arte danés</subfield>
   </datafield>
   <datafield tag="653" ind2=" " ind1=" ">
      <subfield code="a">Visual studies</subfield>
   </datafield>
   <datafield tag="653" ind2=" " ind1=" ">
      <subfield code="a">Semiotic</subfield>
   </datafield>
   <datafield tag="653" ind2=" " ind1=" ">
      <subfield code="a">Perceptions</subfield>
   </datafield>
   <datafield tag="653" ind2=" " ind1=" ">
      <subfield code="a">Narratology</subfield>
   </datafield>
   <datafield tag="653" ind2=" " ind1=" ">
      <subfield code="a">Danish art</subfield>
   </datafield>
   <datafield ind2="0" ind1="0" tag="245">
      <subfield code="a">Una aproximación a la construcción de la imagen: estudio y aplicación práctica de las propuestas sobre semiótica de Mieke Bal y Norman Bryson en la pintura danesa</subfield>
   </datafield>
</record></metadata></record></GetRecord></OAI-PMH>